Účtovníctvo. Pracovný zošit [3.]

Podrobná bibliografia
Hlavní autori: Lacová, Ľudmila, 1936- (Autor), Mózerová, Eva (Autor)
Médium: Kniha
Jazyk:slovenčina
PhysicalDescription:35 s. tab. 30 cm
Vydavateľské údaje: Košice Kredit 1997
ISBN:8088787270
Predmet:

MARC

LEADER 00000nam a2200000 a 4500
001 vtls001290929
003 SK-MaSNL
005 20260301004558.0
008 240315s1997 xo aap r yy slo
015 |a SNBA1997/1002885 
020 |a 8088787270 
035 |a SNK000242588 
035 |a urn:nbn:sk:snk-amthnl 
035 |a urn:nbn:sk:snk-am00c5bs 
035 |a A8937B34-BA33-492E-B1B9-B96ECCFAEBD5 
040 |a SNK  |b slo  |c SNK  |e AACR2 
041 0 |a slo 
044 |a xo  |c SK 
080 |a 657(075.4)(076.5)  |2 1981 
100 1 |a Lacová, Ľudmila,  |d 1936-  |4 aut  |9 120019 
245 1 |a Účtovníctvo. Pracovný zošit  |n [3.]  |c Ľudmila Lacová, Eva Mózerová 
260 |a Košice  |b Kredit  |c 1997 
300 |a 35 s.  |b tab.  |c 30 cm 
500 |a Nepredajné 
504 |a Bibliogr. s. 35 
650 0 7 |a účtovníctvo  |x učebnice kurzov  |x zošity pracovné  |2 SNK  |9 287616 
655 7 |a príručky  |2 SNK  |9 74364 
655 7 |a učebnice  |2 SNK  |9 22521 
700 1 |a Mózerová, Eva  |4 aut  |9 45904 
919 |a 80-88787-27-0 
958 |a TL 
958 |a NB 
999 |c 542521  |d 544451 
952 |t P60, <09>, [BOOK], {629}  |a SNK  |b SNK  |y NEVYP  |7 0  |o snkB 795  |i snk2917/970623  |0 0  |1 0  |4 0  |d 1997-06-20  |l 0  |r 2005-01-02 00:00:00  |w 2026-02-23 
952 |t P60, <03>, [BOOK], {603}  |a SNK  |b SNK  |y PREZ  |7 0  |p 17A0076333  |o snkSB 57234/3[b]  |i snkKSP 6418/97  |0 0  |1 0  |4 0  |d 1997-06-20  |f 1  |l 0  |r 2025-04-09 00:00:00  |w 2026-02-23 
952 |t P60, <04>, [BOOK], {604}  |a SNK  |b SNK  |y VYP  |7 0  |p 17A0076332  |o snkSB 57234/3[b] D1  |i snkKSP 6419/97  |0 0  |1 0  |4 0  |d 1997-06-20  |l 0  |r 2005-01-02 00:00:00  |w 2026-02-23